| 000 | 00693nam a2200241Ia 4500 | ||
|---|---|---|---|
| 005 | 20230413112744.0 | ||
| 008 | 131103s9999 xx 000 0 und d | ||
| 020 |
_a019564734 3 _cRs. 225 |
||
| 040 | _aLoreto College | ||
| 041 | _aEnglish | ||
| 082 |
_a338.9 _bSEN |
||
| 100 | _aSen,Amartya | ||
| 245 |
_aOn economic inequality _cAmartya Sen and James E. Foster |
||
| 250 | _aenl. ed. | ||
| 260 |
_aNew Delhi _bOxford University Press _c1998 (1999 printing) |
||
| 300 |
_axii,259 p. _b ill.,fig. |
||
| 440 | _aOxford India paperbacks | ||
| 504 | _aIncludes bibliographical references and index | ||
| 650 | _aEconomics | ||
| 700 | _aFoster,James E. | ||
| 850 | _aLCLIB | ||
| 942 | _cBK | ||
| 999 |
_c3118 _d53597 |
||